|
|
|
|
| LEADER |
00000nam0a2200000 4500 |
| 001 |
304559 |
| 005 |
20231102001719.0 |
| 020 |
|
|
|a RU
|b 83-31504
|
| 035 |
|
|
|a (RuTPU)RU\TPU\book\329806
|
| 090 |
|
|
|a 304559
|
| 100 |
|
|
|a 20150916d1983 km y0rusy5003 ca
|
| 101 |
0 |
|
|a rus
|
| 102 |
|
|
|a RU
|
| 105 |
|
|
|a ab z 001zy
|
| 200 |
1 |
|
|a Международный обмен энергетическими ресурсами
|e основные тенденции
|f Л. С. Вартазарова
|f Л. С. Вартазарова
|
| 210 |
|
|
|a Москва
|c Наука
|d 1983
|
| 215 |
|
|
|a 152 с.
|c ил.
|
| 320 |
|
|
|a Библиогр.: с. 147-150
|
| 606 |
1 |
|
|a Энергетические ресурсы
|x Страны мира
|2 stltpush
|3 (RuTPU)RU\TPU\subj\37485
|9 58445
|
| 610 |
1 |
|
|a торговля мировая
|
| 610 |
1 |
|
|a энергетика
|
| 610 |
1 |
|
|a международный обмен
|
| 610 |
1 |
|
|a мировая энергетика
|
| 610 |
1 |
|
|a нефтяные ресурсы
|
| 610 |
1 |
|
|a нефтеснабжающие системы
|
| 610 |
1 |
|
|a капиталистические страны
|
| 610 |
1 |
|
|a природный газ
|
| 610 |
1 |
|
|a газоснабжение
|
| 610 |
1 |
|
|a Северная Америка
|
| 610 |
1 |
|
|a Западная Европа
|
| 610 |
1 |
|
|a СЭВ
|
| 610 |
1 |
|
|a перспективы
|
| 686 |
|
|
|a У530
|2 rubbk
|
| 700 |
|
1 |
|a Вартазарова
|b Л. С.
|g Людмила Степановна
|4 070
|
| 712 |
0 |
2 |
|a Академия наук СССР (АН СССР)
|b Сибирское отделение (СО)
|b Сибирский энергетический институт им. Л. А. Мелентьева (СИЭ)
|c (Иркутск)
|c (1960-1991)
|2 stltpush
|3 (RuTPU)RU\TPU\col\11908
|
| 801 |
|
0 |
|a RU
|b RuMRKP
|c 19950704
|g psbo
|
| 801 |
|
1 |
|a RU
|b 63413507
|c 20150916
|
| 801 |
|
2 |
|a RU
|b 63413507
|c 20180628
|g RCR
|
| 942 |
|
|
|c BK
|